Logo biblioteca
Santa Fe 2917, Rosario, Santa Fe
Lu-Vi 8 a 19.45
+54-341-4232362
bibliotecaeudoro@gmail.com
Facebook Biblioteca Pedagógica
Sitio web

La lectura literaria en el Nivel Superior / (Registro nro. 32720)

Detalles MARC
000 -CABECERA
campo fijo de control de longitud 01138nab a2200241 4500
003 - IDENTIFICADOR DEL NÚMERO DE CONTROL
campo de control AR-RoBPED
005 - FECHA Y HORADE LA ULTIMA TRANSACCION
campo de control 20260507114218.0
008 - ELEMENTOS DE LONGITUD FIJA--INFORMACION GENERAL
campo fijo de control de longitud 260507b |||||||| |||| 00| 0 spa d
040 ## - FUENTE CATALOGADORA
Centro catalogador/agencia de origen AR-RoBPED
041 ## - IDIOMA
Código de idioma para texto/pista de sonido o título independiente spa
100 1# - ENCABEZAMIENTO PRINCIPAL--AUTOR PERSONAL
Nombre de persona Vénica, Melina E.
9 (RLIN) 30908
Función Profesora en Lengua y Literatura
245 13 - TITULO
Título La lectura literaria en el Nivel Superior /
260 ## - PUBLICACION
Lugar Buenos Aires :
Editor Noveduc,
Fecha 2023
300 ## - DESCRIPCION FISICA
Extensión 24-27 p.
500 ## - NOTA GENERAL
Nota general Se comunica una experiencia de lectura desarrollada desde el año 2020 hasta la fecha, con los estudiantes y docentes de las cuatro carreras (dos de formación docente y dos de formación técnica) del Instituto Superior Particular Incorporado N° 4013 "Padre Joaquín Bonaldo", de la ciudad de Avellaneda, en la provincia de Santa Fe.
650 #7 - TERMINO DE MATERIA--CONTROLADO
Término controlado LECTURA
9 (RLIN) 160
Término controlado FORMACION DE DOCENTES
9 (RLIN) 1259
Término controlado NIVEL SUPERIOR
9 (RLIN) 28977
Término controlado EXPERIENCIA PEDAGOGICA
9 (RLIN) 3265
773 0# - DOCUMENTO FUENTE
Host Biblionumber 20414
Host Itemnumber 41865
Place, publisher, and date of publication Buenos Aires : Noveduc, 1993-
Título Novedades Educativas
Record control number (AR-RoBPED)20414
International Standard Serial Number 03283534
942 ## - ELEMENTOS KOHA
Fuente de clasificación Universal Decimal Classification
Koha tipo de ítem Revistas
Clasificación 37(05)
Signatura librística Nov 86 N° 390 (Sept.2023)
Número Koha k.32720
945 ## - PROCESAMIENTO DE LA INFORMACIÓN LOCAL
Catalogador y fecha mar 05/2026

No hay ítems disponibles.